| 000 | 00602nam a22001937a 4500 | ||
|---|---|---|---|
| 999 |
_c195108 _d195108 |
||
| 003 | OSt | ||
| 082 |
_a630.715 _bCHA/PU |
||
| 100 | _aChandra Sekara, P | ||
| 245 |
_aPublic private partnership in agricultural extension management: _ba case study of Hoshangabad model |
||
| 260 |
_aHyderabad _bNational Institute of Agricultural Extension Management _c2010 |
||
| 300 | _a60p. | ||
| 546 | _aEnglish | ||
| 650 | _aAgricultural management | ||
| 650 | _aExtension management | ||
| 650 | _aPrivate public partnership | ||
| 700 | _aBalasubramani, N. | ||
| 700 | _aSrinivasa Charyulu | ||
| 942 |
_2ddc _cBK |
||